000 00637cam a22002291 4500
001 sa 66004113
003 DLC
005 20260227112240.0
008 750305s1965 xx 000 0 eng
010 _asa 66004113
035 _a(OCoLC)1200931
040 _aDLC
_cVtU
_dOCoLC
_dDLC
042 _apremarc
050 0 0 _aJQ298.C6
_bA62 1965c
100 0 _aAbid Ali,
_d1900-
245 1 4 _aThe Indian communists exposed.
250 _a[3d rev. ed.]
260 _aNew Delhi,
_bIndian National Trade Union Congress,
_c1965.
300 _avi, 44 p.
_c22 cm.
610 2 0 _aCommunist Party of India.
650 0 _aCommunism
_zIndia
_xHistory.
999 _c69246
_d69246